Weekly Intercontinental Arrivals Netherlands - Statistics

General Stats
  • This quiz has been taken 15 times
  • The average score is 76 of 112
Answer Stats
Country of Origin Destinations Number of Flights Airline(s) City of Origin % Correct
Turkey AMS/ EIN/ RTM 72 KLM/ Pegasus Airlines/ Turkish Airlines Istanbul
100%
United States AMS 7 United Airlines Newark/ New York City
100%
United States AMS 35 KLM/ Delta Airlines/ JetBlue New York City
100%
China AMS 10 KLM/ China Southern Airlines Beijing
93%
United States AMS 11 United Airlines Chicago
93%
United Arab Emirates AMS 25 KLM/ Emirates Dubai
93%
Mexico AMS 14 KLM/ Aeromexico Mexico City
93%
United States AMS 2 KLM Miami
93%
India AMS 7 KLM New Delhi
93%
Brazil AMS 7 KLM Rio de Janeiro
93%
Brazil AMS 7 KLM Sao Paulo
93%
Japan AMS 7 KLM Tokyo
93%
United Arab Emirates AMS 6 Etihad Airways Abu Dhabi
86%
Turkey AMS 4 SunExpress/ Turkish Airlines Ankara
86%
United States AMS 27 KLM/ Delta Airlines Atlanta
86%
Colombia AMS 6 KLM Bogota
86%
Argentina AMS 7 KLM Buenos Aires
86%
Egypt AMS 7 Egypt Air Cairo
86%
South Africa AMS 7 KLM Cape Town
86%
Morocco AMS 9 Royal Air Maroc/ Transavia Casablanca
86%
China (SAR) AMS 11 KLM/ Cathay Pacific Hong Kong
86%
United States AMS 13 KLM/ United Airlines Houston
86%
Indonesia AMS 6 KLM Jakarta
86%
South Africa AMS 7 KLM Johannesburg
86%
Kuwait AMS 3 Kuwait Airways Kuwait
86%
United States AMS 7 KLM Los Angeles
86%
Morocco AMS/ EIN/ RTM 16 Transavia/ easyJet/ TUI fly Marrakesh
86%
Canada AMS 4 KLM Montreal
86%
India AMS 7 KLM Mumbai
86%
Kenya AMS 14 KLM/ Kenya Airways Nairobi
86%
United States AMS 5 KLM San Francisco
86%
Chile AMS 7 KLM Santiago
86%
China AMS 10 KLM/ China Eastern Airlines Shanghai
86%
Israel AMS 10 El Al Tel Aviv
86%
Canada AMS 17 KLM/ Air Canada Toronto
86%
Canada AMS 4 KLM Vancouver
86%
Lebanon AMS 1 Transavia Beirut
79%
United States AMS 15 KLM/ Delta Airlines/ JetBlue Boston
79%
Mexico AMS 6 KLM/ TUI fly Cancun
79%
Qatar AMS 10 Qatar Airways Doha
79%
Nigeria AMS 6 KLM Lagos
79%
Peru AMS 6 KLM Lima
79%
Japan AMS 3 KLM Osaka
79%
Suriname AMS 10 KLM/ Surinam Airways Paramaribo
79%
United States AMS 6 American Airlines Philadelphia
79%
Ecuador AMS 6 KLM Quito
79%
Saudi Arabia AMS 6 KLM Riyadh
79%
South Korea AMS 10 KLM/ Korean Air Seoul/ Incheon
79%
Singapore AMS 13 KLM/ Singapore Airlines Singapore
79%
Netherlands Antilles AMS 4 KLM Sint Maarten
79%
Taiwan AMS 10 China Airlines/ EVA Air Taipei
79%
United States AMS 14 KLM/ United Airlines Washington D.C.
79%
Ghana AMS 7 KLM Accra
71%
Jordan AMS 4 Royal Jordanian Airlines/ Transavia Amman
71%
Turkey AMS/ MAA/ EIN/ GRQ 21 Corendon Dutch Airlines/ SunExpress/ TUI fly Antalya
71%
Netherlands Antilles AMS 10 KLM/ TUI fly Aruba
71%
Thailand AMS 10 KLM/ EVA Air Bangkok
71%
Netherlands Antilles AMS 24 KLM/ TUI fly/ Corendon Dutch Airlines Curacao
71%
Tanzania AMS 7 KLM Dar Es Salaam
71%
Indonesia AMS 7 KLM Denpasar/ Bali
71%
United States AMS 21 Delta Airlines Detroit
71%
China AMS 4 China Southern Airlines Guangzhou
71%
Cape Verde AMS/ EIN 5 TUI fly Ilha do Sal
71%
Rwanda AMS 5 KLM Kigali
71%
Malaysia AMS 5 KLM Kuala Lumpur
71%
Philippines AMS 2 KLM Manila
71%
United States AMS 18 KLM/ Delta Airlines Minneapolis
71%
United States AMS 7 Delta Airlines Orlando
71%
Panama AMS 7 KLM Panama City
71%
United States AMS 9 Delta Airlines Seattle
71%
India AMS 5 KLM Bangalore
64%
Canada AMS 7 KLM Calgary
64%
Canada AMS 3 KLM Edmonton
64%
Morocco AMS/ EIN/ RTM 6 Air Arabia Maroc/ Ryanair/ Transavia Fez
64%
Saudi Arabia AMS 3 Saudi Arabian Airlines Jeddah
64%
United States AMS 7 Delta Airlines Salt Lake City
64%
Costa Rica AMS 4 KLM San Jose
64%
Georgia AMS 2 Georgian Airways Tbilisi
64%
United States AMS 3 KLM Austin
57%
Gambia AMS 5 Corendon Dutch Airlines Banjul
57%
Netherlands Antilles AMS 12 KLM Bonaire
57%
Cyprus AMS 3 Transavia Larnaca
57%
United States AMS 3 KLM Las Vegas
57%
Trinidad & Tobago AMS 4 KLM Port of Spain
57%
China AMS 3 Xiamen Airlines Xiamen
57%
Tanzania AMS 2 KLM Zanzibar
57%
Saudi Arabia AMS 6 KLM Dammam
50%
Uganda AMS 6 KLM Entebbe
50%
Ecuador AMS 6 KLM Guayaquil
50%
Egypt AMS/ EIN 12 Transavia/ TUI fly/ Corendon Dutch Airlines/ easyJet Hurghada
50%
Turkey AMS 5 SunExpress Izmir
50%
Cyprus EIN 2 Ryanair Paphos
50%
United States AMS 7 Delta Airlines Portland
50%
Egypt AMS/ EIN 3 Transavia/ TUI fly Sharm El Sheikh
50%
Morocco AMS/ RTM 8 Air Arabia Maroc/ Transavia Tangier
50%
Colombia AMS 6 KLM Cartagena
43%
Iraq AMS 1 UR Airlines Erbil
43%
Tanzania AMS 6 KLM Kilimanjaro
43%
Jamaica AMS 1 TUI fly Montego Bay
43%
Dominican Republic AMS 2 TUI fly Punta Cana
43%
United Arab Emirates AMS 1 TUI fly Sharjah
43%
Egypt AMS 4 Transavia Marsa Alam
29%
Morocco AMS/ EIN/ RTM 7 Air Arabia Maroc/ TUI fly/ Transavia Nador
29%
Cuba AMS 1 TUI fly Varadero
29%
Kazakhstan AMS 4 Air Astana Atyrau
21%
Cape Verde AMS 2 TUI fly Boa Vista
21%
Turkey AMS/ RTM 3 SunExpress/ Pegasus Airlines Kayseri
21%
Turkey AMS 2 SunExpress Konya
21%
Morocco RTM 1 TUI fly Belgium Oujda
21%
Cape Verde AMS 2 TUI fly Sao Vicente
21%
Turkey GRQ 4 Corendon Dutch Airlines Alanya
7%
Morocco RTM 2 Transavia Al Hoceima
7%
No matching quizzes found
Score Distribution
Percent of People with Each Score
Percentile by Number Answered
Your Score History
You have not taken this quiz